000 00523nam a2200181 4500
001 140477
003 ES-MaACL
005 20230906200103.0
007 t|
008 070214n19501959sp r ||||1| spa d
245 0 4 _aLos seguros sociales en España.
250 _a7ª ed.
260 _aMadrid :
_b[s. n.,
_c195_?] (
_fImp. Pueblo)
300 _a90 p. ;
_c17 cm.
500 _aPrecede al tít.: Centro de Estudios Sindicales.
710 2 _aCentro de Estudios Sindicales.
_92669
852 _aES-MaACL
_j1987-F-6
_bR.41534
999 _c140477
_d140477